00859nam a22002417a 4500999001300000001000400013003000900017005001700026008004100043020001500084040002800099082001900127100002100146245008400167260006100251300004500312504005100357650003400408650002100442650002500463942001200488952011700500 c245d245647BD-DhUAP20200120101900.0200120s19951986ii a b 001 0 eng d a0070255261 aDLCcDLCdBD-DhUAPbEng00223a005.26 HAL1 aHall, Douglas V.10aMicroprocessors and interfacing :bprogramming and hardware /cDouglas V. Hall. aNew Delhi :bTata McGraw-Hill, cc1986 [Reprinted 1995]. avi, 554 pages :billustrations ;c29 cm. aIncludes bibliographical references and index. 0aMicroprocessorsxProgramming. 0aMicroprocessors. 0aComputer interfaces.002ddccBK 00102ddc4070aUAPCLbUAPCLcGeneral Stacksd2020-01-20o005.26 HALp3010000647r2020-01-20t1w2020-01-20yBK